Right or wrong flag? #9 - Sudden Death - Statistics

General Stats
  • This quiz has been taken 97 times
    55 since last reset
  • The average score is 5 of 20
Answers on the Grid
Answers color-coded by a green-red scale on the quiz's grid according to % correct below.
 
Answer Stats
Answer % Correct
46%
38%
38%
31%
31%
31%
31%
31%
31%
31%
23%
23%
23%
23%
23%
15%
15%
15%
8%
0%
No matching quizzes found
Score Distribution
Percent of People with Each Score
Percentile by Number Answered
Your Score History
You have not taken this quiz since the last reset